Riziko likvidity poisťovní a jeho riadenie v súlade s reguláciou Solventnosť II diplomová práca

Salvato in:
Dettagli Bibliografici
Autore principale: Magulová, Romana
Ente Autore: Fakulta hospodárskej informatiky EU. Katedra matematiky a aktuárstva
Altri autori: Krátka, Zuzana, 1968-
Natura: Libro
Lingua:slovacco
Pubblicazione: Bratislava 2023
Tags: Aggiungi Tag
Nessun Tag, puoi essere il primo ad aggiungerne!!

MARC

LEADER 00000nbm a2200000 4500
001 0294016
005 20240202110433.2
041 0 |a slo 
044 |a SK 
245 1 0 |a Riziko likvidity poisťovní a jeho riadenie v súlade s reguláciou Solventnosť II  |b diplomová práca  |c Romana Magulová ; školiteľ: Zuzana Krátka 
264 1 |a Bratislava  |c 2023 
300 |a 57 s. 
100 1 |a Magulová, Romana 
700 1 |a Krátka, Zuzana, 1968- 
710 2 |a Fakulta hospodárskej informatiky EU. Katedra matematiky a aktuárstva